[Event "Irkutsk Baykal op"]
[Site "Irkutsk"]
[Date "2016.07.06"]
[Round "6"]
[White "Popov, Petr"]
[Black "Shcherbakov, Alexander"]
[Result "0-1"]
[WhiteElo "1573"]
[BlackElo "1714"]
[PlyCount "144"]
[EventDate "2016.07.02"]
[EventType "swiss"]
[EventRounds "9"]
[EventCountry "RUS"]
[SourceTitle "EXT 2019"]
[Source "ChessBase"]
[SourceDate "2018.10.10"]
[SourceVersion "1"]
[SourceVersionDate "2018.10.10"]
[SourceQuality "1"]

1. e4 c5 2. Bc4 e6 3. e5 Nc6 4. Nf3 Nge7 5. c3 Ng6 6. d4 cxd4 7. cxd4 Qb6 8. 0-0 Be7 9. Nc3 a6 10. a3 0-0 11. b4 Nxb4 12. axb4 Bxb4 13. Qb3 a5 14. Be3 Qc7 15. Rfc1 d5 16. exd6 Qxd6 17. Nb5 Qe7 18. Bd3 Bd7 19. Rc7 Qd8 20. Rac1 Bc6 21. Bg5 Qb8 22. Bxg6 hxg6 23. Bf4 Qd8 24. Ng5 Bxb5 25. Qh3 Qxg5 26. Bxg5 Bc6 27. Be7 Bxe7 28. Rxe7 a4 29. Ra1 Rfd8 30. Qh4 Rd5 31. Qf4 Rf5 32. Qe3 Rc8 33. g4 Rf3 34. Qc1 Kf8 35. Qc5 Kg8 36. Ra3 Rf4 37. h3 Re4 38. Re3 Rf4 39. Qd6 Rf6 40. g5 Rf5 41. Re5 Rf3 42. Rc7 Rf8 43. Rxc6 bxc6 44. Qxc6 Rxh3 45. Qxa4 Rh4 46. f3 Rd8 47. Re4 Rh5 48. f4 Rh3 49. Qc4 Ra3 50. Kf2 Rb8 51. Re3 Rb2+ 52. Kf3 Raa2 53. Ke4 Ra8 54. Rb3 Rba2 55. Rb7 R2a5 56. Qc7 Rf5 57. Qc6 Rd8 58. Qb6 Rfd5 59. Re7 Kf8 60. Qa7 Rf5 61. Qc7 Ra8 62. Qd6 Kg8 63. Rd7 Kh7 64. Rd8 Rd5 65. Qxd5 exd5+ 66. Rxd5 Kg8 67. Rd6 Kf8 68. Ke5 Ke7 69. Rb6 Ra7 70. d5 Kd7 71. Rb5 Kc7 72. Rb6 Kxb6 0-1

[Event "Irkutsk Spring"]
[Site "Irkutsk"]
[Date "2016.04.20"]
[Round "6"]
[White "Arbynova, Agniya"]
[Black "Shcherbakov, Alexander"]
[Result "1-0"]
[WhiteElo "1735"]
[BlackElo "1688"]
[PlyCount "63"]
[EventDate "2016.04.09"]
[EventType "swiss"]
[EventRounds "9"]
[EventCountry "RUS"]
[SourceTitle "EXT 2022"]
[Source "ChessBase"]
[SourceDate "2021.10.06"]
[SourceVersion "1"]
[SourceVersionDate "2021.10.06"]
[SourceQuality "1"]

1. d4 Nf6 2. c4 g6 3. Nc3 d5 4. g3 Bg7 5. Bg2 c6 6. cxd5 cxd5 7. Qb3 e6 8. e3 Nc6 9. Nge2 0-0 10. 0-0 Na5 11. Qc2 Nc4 12. b3 Nd6 13. Ba3 Re8 14. Bxd6 Qxd6 15. Nb5 Qe7 16. Nc7 Bd7 17. Nxa8 Rxa8 18. Rac1 Bc6 19. Qc5 Qd8 20. a4 h5 21. Qc2 h4 22. b4 a6 23. Nc3 Rc8 24. Qd3 Bd7 25. b5 a5 26. e4 Bh6 27. f4 hxg3 28. hxg3 Rb8 29. exd5 exd5 30. Nxd5 Nxd5 31. Bxd5 Bh3 32. Qxg6+ 1-0

[Event "Irkutsk Veda"]
[Site "Irkutsk"]
[Date "2015.08.13"]
[Round "6"]
[White "Kiselyov, Sergei"]
[Black "Shcherbakov, Alexander"]
[Result "1-0"]
[WhiteElo "2048"]
[BlackElo "1665"]
[PlyCount "63"]
[EventDate "2015.08.08"]
[EventType "swiss"]
[EventRounds "9"]
[EventCountry "RUS"]
[SourceTitle "EXT 2018"]
[Source "ChessBase"]
[SourceDate "2017.10.13"]
[SourceVersion "1"]
[SourceVersionDate "2017.10.13"]
[SourceQuality "1"]

1. e4 c5 2. c3 Nc6 3. d4 cxd4 4. cxd4 d5 5. exd5 Qxd5 6. Nf3 Bg4 7. Be2 e6 8. 0-0 Nf6 9. a3 Be7 10. Nc3 Qd7 11. Be3 0-0 12. h3 Bh5 13. Qd2 Rad8 14. Rad1 Bg6 15. b4 a6 16. Qb2 b5 17. Ne5 Qe8 18. a4 Bxb4 19. axb5 Bxc3 20. Qxc3 Nxe5 21. dxe5 Rxd1 22. Rxd1 Nd5 23. Rxd5 exd5 24. b6 Qa8 25. Qc7 d4 26. Bxd4 Be4 27. e6 Bxg2 28. Qg3 g6 29. Qxg2 Qxg2+ 30. Kxg2 Rb8 31. Bxa6 fxe6 32. b7 1-0

[Event "Irkutsk Baykal op"]
[Site "Irkutsk"]
[Date "2015.07.18"]
[Round "1"]
[White "Ergeshov, Timur"]
[Black "Shcherbakov, Alexander"]
[Result "0-1"]
[WhiteElo "2039"]
[BlackElo "1633"]
[PlyCount "62"]
[EventDate "2015.07.18"]
[EventType "swiss"]
[EventRounds "9"]
[EventCountry "RUS"]
[SourceTitle "EXT 2016"]
[Source "ChessBase"]
[SourceDate "2015.10.08"]
[SourceVersion "1"]
[SourceVersionDate "2015.10.08"]
[SourceQuality "1"]

1. d4 Nf6 2. c4 d5 3. Nc3 g6 4. Nf3 Bg7 5. Qb3 c6 6. cxd5 Nxd5 7. e3 Nxc3 8. bxc3 Nd7 9. Bc4 0-0 10. 0-0 e5 11. Nxe5 Nxe5 12. dxe5 b5 13. Be2 Bxe5 14. Ba3 Re8 15. Rad1 Qc7 16. g3 h5 17. c4 Be6 18. Bb2 h4 19. Bxe5 Qxe5 20. Rd4 hxg3 21. hxg3 Kg7 22. Qc2 b4 23. Bf3 Rac8 24. c5 a5 25. Rfd1 Rh8 26. Bg2 Rh5 27. Bf3 Rh6 28. Rd8 Rxd8 29. Rxd8 Qf6 30. Rd1 Qxf3 31. Qb2+ f6 0-1

[Event "Irkutsk Region-ch sf3"]
[Site "Irkutsk"]
[Date "2014.08.05"]
[Round "2"]
[White "Shcherbakov, Alexander"]
[Black "Pererva, Ekaterina"]
[Result "0-1"]
[WhiteElo "1628"]
[BlackElo "1835"]
[PlyCount "56"]
[EventDate "2014.08.04"]
[EventType "swiss"]
[EventRounds "9"]
[EventCountry "RUS"]
[SourceTitle "EXT 2016"]
[Source "ChessBase"]
[SourceDate "2015.10.08"]
[SourceVersion "1"]
[SourceVersionDate "2015.10.08"]
[SourceQuality "1"]

1. e4 c5 2. Nf3 e6 3. d4 cxd4 4. Nxd4 a6 5. c4 Qc7 6. Nc3 Nf6 7. Bg5 Be7 8. Be2 b6 9. Qd2 Bb7 10. f3 Nc6 11. 0-0-0 0-0 12. h4 Na5 13. b3 b5 14. cxb5 d5 15. bxa6 Bxa6 16. Kb2 Bxe2 17. Ndxe2 Rfb8 18. Qc2 Ba3+ 19. Kb1 Nc4 20. Bc1 Qa5 21. exd5 Bxc1 22. Qxc1 Nxd5 23. Rd4 Nde3 24. Re4 Rxb3+ 25. Ka1 Ra3 26. Qb1 Rxc3 27. Rc1 Rxc1 28. Nxc1 Qc3+ 0-1

[Event "Irkutsk-ch"]
[Site "Irkutsk"]
[Date "2014.02.27"]
[Round "9"]
[White "Shcherbakov, Alexander"]
[Black "Sergeev, Andrey"]
[Result "0-1"]
[WhiteElo "1615"]
[BlackElo "2032"]
[PlyCount "112"]
[EventDate "2014.02.02"]
[EventType "swiss"]
[EventRounds "9"]
[EventCountry "RUS"]
[SourceTitle "CBM 159 Extra"]
[Source "ChessBase"]
[SourceDate "2014.04.24"]
[SourceVersion "1"]
[SourceVersionDate "2014.04.24"]
[SourceQuality "1"]

1. e4 c5 2. Nf3 Nc6 3. d4 cxd4 4. Nxd4 Nf6 5. Nc3 e5 6. Ndb5 d6 7. Bg5 a6 8. Na3 b5 9. Nd5 Be7 10. Bxf6 Bxf6 11. c3 0-0 12. Nc2 Bg5 13. h4 Bh6 14. g4 Bf4 15. Nce3 Be6 16. Qf3 b4 17. Nxf4 exf4 18. Qxf4 bxc3 19. bxc3 Qa5 20. Kd2 d5 21. exd5 Bxd5 22. Rh3 Rad8 23. Bd3 Qa3 24. h5 Qb2+ 25. Nc2 Rfe8 26. h6 Na5 27. Bxh7+ Kf8 28. hxg7+ Ke7 29. Re3+ Be6+ 30. Ke2 Qb5+ 31. Kf3 Nc4 32. Re2 f6 33. Nd4 Ne5+ 34. Kg3 Rxd4 35. Rxe5 Rxf4 36. Rxb5 Rxg4+ 37. Kf3 axb5 38. g8Q Rexg8 39. Bxg8 Rxg8 40. a4 Ra8 41. a5 Kd6 42. Ke3 Kd5 43. Kf4 Kc4 44. Ra3 Ra6 45. Ke4 Bg8 46. Ke3 Bh7 47. Kf4 Bc2 48. Ke3 Bb3 49. Kd2 Ba4 50. Ra1 Rd6+ 51. Ke3 Kxc3 52. Rc1+ Bc2 53. Ra1 Ra6 54. Ra2 b4 55. f4 b3 56. Ra3 Kb4 0-1

[Event "Irkutsk-ch"]
[Site "Irkutsk"]
[Date "2014.02.23"]
[Round "8"]
[White "Sorokovikov, Vasily"]
[Black "Shcherbakov, Alexander"]
[Result "0-1"]
[WhiteElo "1682"]
[BlackElo "1615"]
[PlyCount "68"]
[EventDate "2014.02.02"]
[EventType "swiss"]
[EventRounds "9"]
[EventCountry "RUS"]
[SourceTitle "CBM 159 Extra"]
[Source "ChessBase"]
[SourceDate "2014.04.24"]
[SourceVersion "1"]
[SourceVersionDate "2014.04.24"]
[SourceQuality "1"]

1. d4 d5 2. c4 e6 3. Nf3 Nf6 4. Nc3 a6 5. Qd3 Be7 6. g3 b6 7. Bg2 Bb7 8. 0-0 Nbd7 9. b3 0-0 10. Bb2 Re8 11. cxd5 exd5 12. Rac1 Rc8 13. Rfe1 Bd6 14. e3 Nf8 15. Ng5 Ne6 16. Nxe6 fxe6 17. e4 dxe4 18. Nxe4 Nxe4 19. Bxe4 Bxe4 20. Rxe4 Qf6 21. Rce1 Qf5 22. Qe3 Kf7 23. Ba3 g5 24. Bc1 h6 25. a3 c5 26. Qe2 a5 27. Bb2 cxd4 28. Qh5+ Kg7 29. Bxd4+ Kh7 30. g4 Qf8 31. Rxe6 Rxe6 32. Rxe6 Rc1+ 33. Kg2 Qa8+ 34. Kh3 Qf3# 0-1

[Event "Irkutsk-ch"]
[Site "Irkutsk"]
[Date "2014.02.20"]
[Round "7"]
[White "Ergeshov, Chingiz"]
[Black "Shcherbakov, Alexander"]
[Result "1-0"]
[WhiteElo "1612"]
[BlackElo "1615"]
[PlyCount "85"]
[EventDate "2014.02.02"]
[EventType "swiss"]
[EventRounds "9"]
[EventCountry "RUS"]
[SourceTitle "CBM 159 Extra"]
[Source "ChessBase"]
[SourceDate "2014.04.24"]
[SourceVersion "1"]
[SourceVersionDate "2014.04.24"]
[SourceQuality "1"]

1. d4 d5 2. c4 e6 3. Nc3 Nf6 4. cxd5 exd5 5. Bg5 Be7 6. e3 Bf5 7. Bxf6 Bxf6 8. Qb3 Be6 9. Qxb7 Nd7 10. Bb5 0-0 11. Nge2 Nb6 12. Qa6 Qd6 13. 0-0 c6 14. Bd3 Qb4 15. a3 Qd6 16. Qa5 Bd8 17. Qb4 Qxb4 18. axb4 Nc4 19. Bxc4 dxc4 20. Nf4 Bd7 21. Ne4 Be7 22. Rfc1 g5 23. Ne2 Bf5 24. f3 Be6 25. Nd2 Rfb8 26. Nxc4 Rxb4 27. Ne5 Rxb2 28. Kf2 Bd6 29. Rxc6 Bxe5 30. dxe5 Rd8 31. h3 Rdd2 32. Re1 Bd7 33. Rd6 a5 34. Rxd2 Rxd2 35. Kg3 h5 36. h4 g4 37. Nf4 gxf3 38. gxf3 a4 39. Nxh5 Bb5 40. Nf6+ Kf8 41. Rb1 Bd3 42. Rb8+ Ke7 43. Re8# 1-0

[Event "Irkutsk-ch"]
[Site "Irkutsk"]
[Date "2014.02.16"]
[Round "6"]
[White "Shcherbakov, Alexander"]
[Black "Eliseev, Nikolay"]
[Result "0-1"]
[WhiteElo "1615"]
[BlackElo "1799"]
[PlyCount "90"]
[EventDate "2014.02.02"]
[EventType "swiss"]
[EventRounds "9"]
[EventCountry "RUS"]
[SourceTitle "CBM 159 Extra"]
[Source "ChessBase"]
[SourceDate "2014.04.24"]
[SourceVersion "1"]
[SourceVersionDate "2014.04.24"]
[SourceQuality "1"]

1. e4 e6 2. d3 d5 3. Nd2 c5 4. Ngf3 Nc6 5. g3 Bd6 6. Bg2 Nge7 7. 0-0 0-0 8. Re1 Ng6 9. h4 Qb6 10. Qe2 Nb4 11. Nf1 e5 12. a3 dxe4 13. dxe4 Nc6 14. c3 Be6 15. Ne3 f5 16. Ng5 Bf7 17. Nxf5 Rad8 18. Qg4 Bb8 19. h5 Nh8 20. Nxf7 Rxf7 21. Nh6+ Kf8 22. Nxf7 Nxf7 23. Bf1 Na5 24. b4 Nb3 25. bxc5 Qxc5 26. Be3 Qxc3 27. Rab1 h6 28. Qe6 Nd4 29. Bxd4 exd4 30. Rxb7 Bc7 31. Reb1 d3 32. R7b3 Qc2 33. R3b2 Qc5 34. Kg2 Bb6 35. Rd2 Ne5 36. a4 Rd6 37. Qa2 a5 38. Rb5 Qd4 39. Rd5 Qxe4+ 40. Kh3 Rxd5 41. f4 Qh1+ 42. Rh2 Qxf1+ 43. Rg2 Qf3 44. Rb2 Nc4 45. Qxc4 Rxh5# 0-1

[Event "Irkutsk-ch"]
[Site "Irkutsk"]
[Date "2014.02.06"]
[Round "2"]
[White "Ladyzhinsky, Igor"]
[Black "Shcherbakov, Alexander"]
[Result "1/2-1/2"]
[WhiteElo "1890"]
[BlackElo "1615"]
[PlyCount "77"]
[EventDate "2014.02.02"]
[EventType "swiss"]
[EventRounds "9"]
[EventCountry "RUS"]
[SourceTitle "CBM 159 Extra"]
[Source "ChessBase"]
[SourceDate "2014.04.24"]
[SourceVersion "1"]
[SourceVersionDate "2014.04.24"]
[SourceQuality "1"]

1. e4 c5 2. d4 cxd4 3. c3 d5 4. cxd4 dxe4 5. Bc4 e6 6. Nc3 Nc6 7. Nge2 Nf6 8. d5 exd5 9. Nxd5 Nxd5 10. Bxd5 Bb4+ 11. Nc3 Bxc3+ 12. bxc3 0-0 13. 0-0 Bf5 14. Bxc6 Qxd1 15. Rxd1 bxc6 16. Be3 Be6 17. Rd6 Bd5 18. c4 Bxc4 19. Rxc6 Bd3 20. Rac1 a6 21. a4 Rfb8 22. Bf4 Rb1 23. Rxb1 Bxb1 24. Rb6 Bd3 25. Rb8+ Rxb8 26. Bxb8 f5 27. h4 Kf7 28. g3 Kg6 29. Be5 Kh6 30. Bf4+ Kh5 31. a5 Kg4 32. Kg2 h6 33. Bd2 g5 34. hxg5 hxg5 35. Bc1 f4 36. gxf4 gxf4 37. f3+ exf3+ 38. Kf2 Be2 39. Bd2 1/2-1/2

[Event "Irkutsk-ch otbor"]
[Site "Irkutsk"]
[Date "2013.12.08"]
[Round "7"]
[White "Zubakin, Leonid"]
[Black "Shcherbakov, Alexander"]
[Result "1-0"]
[WhiteElo "1467"]
[BlackElo "1599"]
[PlyCount "203"]
[EventDate "2013.11.17"]
[EventType "swiss"]
[EventRounds "9"]
[EventCountry "RUS"]
[SourceTitle "EXT 2016"]
[Source "ChessBase"]
[SourceDate "2015.10.08"]
[SourceVersion "1"]
[SourceVersionDate "2015.10.08"]
[SourceQuality "1"]

1. e4 c5 2. Nf3 d6 3. d4 cxd4 4. Nxd4 Nc6 5. Be3 Nf6 6. Nc3 Ng4 7. Qd2 Nxe3 8. Qxe3 Qb6 9. 0-0-0 Nxd4 10. Rxd4 e6 11. Qd2 Bd7 12. f4 Be7 13. Bc4 Rd8 14. Rd1 Bc6 15. Qe2 a6 16. Qg4 g6 17. Qh3 h5 18. f5 exf5 19. exf5 Bd7 20. Nd5 Bg5+ 21. Kb1 Qa5 22. b4 Qa4 23. Bb3 Qc6 24. g4 gxf5 25. gxf5 b5 26. Rg1 f6 27. Qf3 Kf8 28. h4 Bh6 29. Qxh5 Be8 30. Qe2 Rd7 31. Nxf6 Re7 32. Be6 Bg7 33. Qg4 Rc7 34. Nd7+ Rxd7 35. Bxd7 Qxd7 36. Rxd6 Qe7 37. Re6 Qc7 38. Rxe8+ Kxe8 39. Qxg7 Qxg7 40. Rxg7 Rxh4 41. a3 Rf4 42. Ra7 Rxf5 43. Rxa6 Kd7 44. Kb2 Kc7 45. Rh6 Kb7 46. Kb3 Rf3+ 47. c3 Rg3 48. Rh1 Kc6 49. Rh5 Re3 50. Rc5+ Kb6 51. a4 bxa4+ 52. Kxa4 Re1 53. Kb3 Re3 54. Kc4 Re4+ 55. Kd3 Rh4 56. Re5 Rg4 57. Re4 Rg3+ 58. Kd4 Kb5 59. Re5+ Ka4 60. Re3 Rg4+ 61. Re4 Rg3 62. Kc4 Rh3 63. Rd4 Rh5 64. Rd5 Rh4+ 65. Rd4 Rh5 66. Rg4 Rf5 67. Rg3 Rf4+ 68. Kc5 Rf5+ 69. Kd4 Rf4+ 70. Ke5 Rh4 71. Rg6 Kb3 72. Rc6 Rh5+ 73. Kd6 Rb5 74. Rc5 Rb6+ 75. Kc7 Rh6 76. b5 Rh7+ 77. Kb6 Ka4 78. c4 Rh6+ 79. Rc6 Rh7 80. Rc7 Rh6+ 81. Kb7 Ka5 82. b6 Rxb6+ 83. Kc8 Kb4 84. c5 Rb5 85. c6 Rc5 86. Rb7+ Ka5 87. Kd7 Ka6 88. Rb1 Rc2 89. c7 Rd2+ 90. Kc8 Ka7 91. Rb3 Rd1 92. Rb7+ Ka8 93. Rb2 Ka7 94. Rc2 Rd3 95. Rf2 Rd1 96. Rf8 Rd2 97. Rd8 Rc2 98. Kd7 Rd2+ 99. Ke6 Re2+ 100. Kf5 Rf2+ 101. Ke4 Re2+ 102. Kf3 1-0

[Event "Irkutsk-ch otbor"]
[Site "Irkutsk"]
[Date "2013.12.05"]
[Round "6"]
[White "Shcherbakov, Alexander"]
[Black "Ivakin, Valery"]
[Result "0-1"]
[WhiteElo "1599"]
[BlackElo "1812"]
[PlyCount "122"]
[EventDate "2013.11.17"]
[EventType "swiss"]
[EventRounds "9"]
[EventCountry "RUS"]
[SourceTitle "EXT 2016"]
[Source "ChessBase"]
[SourceDate "2015.10.08"]
[SourceVersion "1"]
[SourceVersionDate "2015.10.08"]
[SourceQuality "1"]

1. e4 c5 2. f4 d6 3. Nf3 a6 4. Nc3 e6 5. d4 cxd4 6. Nxd4 Nc6 7. Be3 Bd7 8. Be2 g6 9. Qd2 Bg7 10. h4 b5 11. Bf3 Rc8 12. h5 e5 13. Nxc6 Bxc6 14. hxg6 hxg6 15. Rxh8 Bxh8 16. 0-0-0 Ke7 17. fxe5 Bxe5 18. Bg4 Rb8 19. Nd5+ Bxd5 20. Qxd5 Kf8 21. Bh3 a5 22. Bc5 Qg5+ 23. Kb1 dxc5 24. Qxc5+ Kg7 25. Rf1 Nf6 26. Qa7 Qd2 27. Be6 Rf8 28. g4 Qd4 29. Qxd4 Bxd4 30. Bd5 Nxg4 31. Rd1 Be5 32. Bc6 Rb8 33. Rd5 Kf6 34. Rxb5 Rxb5 35. Bxb5 Nf2 36. Bc6 g5 37. Kc1 Bf4+ 38. Kb1 g4 39. e5+ Kxe5 40. Bg2 Be3 41. c4 f5 42. Kc2 f4 43. a3 f3 44. Bxf3 gxf3 45. b4 Ng4 46. Kd3 Kf4 47. c5 axb4 48. axb4 Nh2 49. c6 Bb6 50. Kc4 Bc7 51. Kb5 f2 52. Ka6 f1Q+ 53. Kb7 Be5 54. Kb6 Bd4+ 55. Kc7 Qb5 56. Kd7 Ke5 57. Kc7 Bb6+ 58. Kb7 Ba5+ 59. Ka7 Qb6+ 60. Ka8 Qxc6+ 61. Kb8 Bb6 0-1

[Event "Irkutsk-ch otbor"]
[Site "Irkutsk"]
[Date "2013.11.24"]
[Round "3"]
[White "Shcherbakov, Alexander"]
[Black "Eremeenko, Vladimir"]
[Result "0-1"]
[WhiteElo "1599"]
[BlackElo "1889"]
[PlyCount "106"]
[EventDate "2013.11.17"]
[EventType "swiss"]
[EventRounds "9"]
[EventCountry "RUS"]
[SourceTitle "EXT 2016"]
[Source "ChessBase"]
[SourceDate "2015.10.08"]
[SourceVersion "1"]
[SourceVersionDate "2015.10.08"]
[SourceQuality "1"]

1. e4 d6 2. d4 g6 3. Nc3 Nf6 4. f4 Bg7 5. Nf3 c6 6. h3 0-0 7. Be2 Nbd7 8. e5 dxe5 9. fxe5 Nh5 10. Kf2 Bh8 11. g4 Ng7 12. Qd2 Ne6 13. h4 Qb6 14. Kg2 Rd8 15. Qe3 Ndf8 16. Rd1 Bd7 17. Qf2 Be8 18. Rb1 f6 19. Be3 Qc7 20. d5 cxd5 21. Nxd5 Rxd5 22. Rxd5 fxe5 23. c4 Nf4+ 24. Bxf4 exf4 25. Qc5 Bc6 26. Qa5 Qxa5 27. Rxa5 e5 28. c5 Nd7 29. Bb5 e4 30. Bxc6 bxc6 31. Ne1 f3+ 32. Nxf3 exf3+ 33. Kxf3 Kf7 34. b4 Ne5+ 35. Kg3 Ke6 36. Rd1 h5 37. Rd6+ Ke7 38. gxh5 Nc4 39. hxg6 Nxd6 40. cxd6+ Kxd6 41. Kg4 Bd4 42. Rf5 Re8 43. h5 Re4+ 44. Kg5 Re5 45. h6 Be3+ 46. Kf6 Rxf5+ 47. Kxf5 Bxh6 48. Kf6 Kd5 49. Ke7 c5 50. bxc5 Kxc5 51. Kd7 Kc4 52. Kc6 a5 53. Kb6 a4 0-1

[Event "Irkutsk-ch otbor"]
[Site "Irkutsk"]
[Date "2013.11.21"]
[Round "2"]
[White "Gayanov, Khalil"]
[Black "Shcherbakov, Alexander"]
[Result "0-1"]
[WhiteElo "1834"]
[BlackElo "1599"]
[PlyCount "96"]
[EventDate "2013.11.17"]
[EventType "swiss"]
[EventRounds "9"]
[EventCountry "RUS"]
[SourceTitle "EXT 2016"]
[Source "ChessBase"]
[SourceDate "2015.10.08"]
[SourceVersion "1"]
[SourceVersionDate "2015.10.08"]
[SourceQuality "1"]

1. d4 d5 2. c4 dxc4 3. g3 e6 4. Bg2 c5 5. Nf3 cxd4 6. Qa4+ Qd7 7. Qxc4 Nc6 8. 0-0 g6 9. Rd1 Bg7 10. Na3 Nge7 11. Nb5 e5 12. e3 a6 13. Na3 0-0 14. exd4 exd4 15. Nc2 b5 16. Qc5 Rd8 17. Nb4 Bb7 18. Bg5 Qd6 19. Nd3 Qxc5 20. Nxc5 Bc8 21. Ne1 f6 22. Bf4 Ra7 23. Ned3 Ne5 24. Bd2 Nc4 25. Bf4 Nd5 26. Bc1 Re7 27. b3 Ne5 28. Ba3 Ree8 29. Rd2 a5 30. Bb2 Nc3 31. a3 Bg4 32. Ne1 a4 33. h3 Bc8 34. f4 Nf7 35. Bc6 Re3 36. Kf2 axb3 37. Rxd4 Re2+ 38. Kf3 Rxb2 39. Rxd8+ Nxd8 40. Rc1 Na2 41. Rd1 Nxc6 42. Rd6 Ne7 43. Ned3 Rb1 44. Ne4 Bb7 45. Rd7 Bxe4+ 46. Kxe4 Nc3+ 47. Kd4 Ncd5 48. Nc5 Rd1+ 0-1

[Event "Irkutsk Ermolaev Memorial 7th"]
[Site "Irkutsk"]
[Date "2013.08.11"]
[Round "9"]
[White "Sorokovikov, Vasily"]
[Black "Shcherbakov, Alexander"]
[Result "1/2-1/2"]
[WhiteElo "1718"]
[BlackElo "1611"]
[PlyCount "125"]
[EventDate "2013.08.02"]
[EventType "swiss"]
[EventRounds "9"]
[EventCountry "RUS"]
[SourceTitle "CBM 155 Extra"]
[Source "ChessBase"]
[SourceDate "2013.08.26"]
[SourceVersion "1"]
[SourceVersionDate "2013.08.26"]
[SourceQuality "1"]

1. d4 e6 2. Nc3 c6 3. e4 d5 4. e5 Qc7 5. f4 c5 6. Nf3 Nc6 7. Be3 cxd4 8. Nxd4 a6 9. Bd3 Nge7 10. 0-0 Nxd4 11. Bxd4 Nc6 12. Bf2 Be7 13. Qh5 Nb4 14. Rac1 Nxd3 15. cxd3 Qd8 16. Ne2 Bd7 17. Nd4 g6 18. Qh6 Bf8 19. Qh3 Be7 20. Be3 Rc8 21. Rxc8 Qxc8 22. Rc1 Qd8 23. g4 h5 24. f5 exf5 25. gxf5 Bg5 26. e6 Bxe3+ 27. Qxe3 fxe6 28. Nxe6 Qe7 29. Qe5 Rg8 30. Re1 gxf5+ 31. Kf1 Bxe6 32. Qxe6 Qxe6 33. Rxe6+ Kd7 34. Rf6 Rg5 35. h4 Rg3 36. Rxf5 Rxd3 37. Ke2 Rh3 38. Rxd5+ Ke6 39. Rxh5 Rh2+ 40. Kf3 Rxb2 41. a4 Rb3+ 42. Ke2 Kf6 43. Kd2 Kg6 44. Kc2 Rb4 45. Rg5+ Kf6 46. Rh5 Rxa4 47. Kb3 Rg4 48. Rh7 Rg7 49. Rh8 Kg6 50. h5+ Kf5 51. Kb4 Rg5 52. Rh7 Rg1 53. Ka5 Rb1 54. Rg7 Rb5+ 55. Ka4 Kf6 56. h6 Rb1 57. Rc7 Kg6 58. h7 b5+ 59. Ka3 Rh1 60. Kb4 Rh6 61. Ra7 Kf5 62. h8Q Rxh8 63. Rxa6 1/2-1/2

[Event "Irkutsk Ermolaev Memorial 7th"]
[Site "Irkutsk"]
[Date "2013.08.03"]
[Round "1"]
[White "Khipkhenov, Igor"]
[Black "Shcherbakov, Alexander"]
[Result "1-0"]
[WhiteElo "2055"]
[BlackElo "1611"]
[PlyCount "69"]
[EventDate "2013.08.02"]
[EventType "swiss"]
[EventRounds "9"]
[EventCountry "RUS"]
[SourceTitle "CBM 155 Extra"]
[Source "ChessBase"]
[SourceDate "2013.08.26"]
[SourceVersion "1"]
[SourceVersionDate "2013.08.26"]
[SourceQuality "1"]

1. Nf3 e6 2. d4 d5 3. c4 Nf6 4. Nc3 c6 5. Bg5 Nbd7 6. e3 Be7 7. Be2 Ne4 8. Bxe7 Qxe7 9. Nxe4 dxe4 10. Nd2 f5 11. 0-0 0-0 12. f3 exf3 13. Bxf3 e5 14. d5 e4 15. Be2 cxd5 16. cxd5 Nf6 17. Nc4 Qc5 18. d6 b5 19. b4 Qxb4 20. Ne5 Qc5 21. Qb3+ Nd5 22. d7 Bb7 23. Bxb5 Qxe3+ 24. Kh1 Qxb3 25. axb3 a6 26. Bc4 Kh8 27. Rfd1 Ne3 28. d8Q Raxd8 29. Rxd8 h5 30. Rxf8+ Kh7 31. Bf7 h4 32. Rc1 h3 33. gxh3 f4 34. Bg6+ Kh6 35. h4 1-0